Teória siedmich inteligencií metódy rozvíjania siedmich inteligencií u detí predškolského veku

Bibliographic Details
Main Author: Molárová, Daniela (Author)
Format: Article
Language:Slovak
PhysicalDescription:Fotogr., obr.
Subjects:

MARC

LEADER 00000nab a2200000 a 4500
001 vtls008832064
003 SK-MaSNL
005 20260304135418.0
008 250505c20052006xo mr|p||| |000 b|slo
015 |a SNBRB2006/07 
035 |a (uuid)b839bc6d-e49e-4e03-b5c3-04703c7ec669 
035 |a urn:nbn:sk:snk-abc0gw 
035 |a (urnnbn)urn:nbn:sk:snk:ar-002gxo 
038 |a SPK 
040 |a SNKBUCL  |b slo  |c SNKBUCL  |e AACR2 
041 0 |a slo 
044 |a xo  |c SK 
080 |a 3-053.4  |2 1997 
080 |a 612.821.3  |2 1997 
080 |a 159.954  |2 1997 
080 |a 371.3  |2 1997 
080 |a 37.03  |2 1997 
100 1 |a Molárová, Daniela  |4 aut  |9 1454591 
245 1 0 |a Teória siedmich inteligencií  |b metódy rozvíjania siedmich inteligencií u detí predškolského veku  |c Daniela Molárová 
300 |b Fotogr., obr. 
650 0 7 |a deti predškolského veku  |2 snkbucl  |9 4103 
650 0 7 |a inteligencia  |2 spk  |9 15977 
650 0 7 |a kreativita  |2 spk  |9 4339 
650 0 7 |a didaktika  |2 spk  |9 3484 
650 0 7 |a rozvoj inteligencie  |2 spk  |9 68990 
773 0 |t Predškolská výchova  |g Roč. 60, č. 6 (2005/2006), s. 1-8 
850 |a Slovenská národná knižnica 
852 |a Slovenská národná knižnica 
954 |a odborná, vedecká literatúra pôvodná (slovenská)  |2 lita 
958 |a article15 
958 |a OND 
958 |a EUIPO 
999 |c 2910704  |d 2912634